00501nam a2200169Ia 4500003000400000008004100004040001600045082001900061100002100080245006500101260005800166300001100224490004700235650001400282650001500296650002000311GCL140319s9999 xx 000 0 eng d aGCL / cGCL04aCCb901.9bI M1 aI,MAJESTE FOROUK10aESSAI SUR LES GOUVERNEMENTS DE L'EGYPTE / cI,MAJESTE FOROUK a[S.N] : bIMPRIMERIE DE L'INSTITUT FRANCAIS ، c1994 a193 PP aMEMOIRES PRESENTES AL'INSTITUT D'EGYPTEv004aDOCUMENTS04aGOVERNMENT04aEGYPT - HISTORY